| 000 | 00692nam a22002057a 4500 | ||
|---|---|---|---|
| 999 |
_c19092 _d19092 |
||
| 003 | AR-CdUCM | ||
| 008 | 190516b ||||| |||| 00| 0 spa d | ||
| 040 |
_aMUNICIPALIDAD PROVINCIAL DEL CUSCO _cBIBLIOTECA MUNICIPAL DEL CUSCO |
||
| 082 |
_a342.5 / _bP57 |
||
| 100 |
_aPilar Tello, Maria del _940215 |
||
| 245 |
_aPerĂº: de la crisis al acuerdo nacional : _bEl pacto / |
||
| 260 |
_aLima : _bEdiciones Saqsa, _c1994. |
||
| 300 |
_a266 paginas ; _bIlustraciones, graficos, dibujos, _c21 cm. |
||
| 505 | _aContenido: En la coyuntura -- Trazos de la realidad | ||
| 650 |
_aPacto _940216 |
||
| 650 |
_aPerĂº _935 |
||
| 650 |
_aHistoria _9136 |
||
| 942 |
_2ddc _cLIBROS |
||
| 945 |
_apjha _d2019-05-16 |
||